Creatures of the deep / (Record no. 609)

MARC details
000 -LEADER
fixed length control field 00871nam a22002417a 4500
005 - DATE AND TIME OF LATEST TRANSACTION
control field 20250826102829.0
020 ## - INTERNATIONAL STANDARD BOOK NUMBER
International Standard Book Number 9780769631776
040 ## - CATALOGING SOURCE
Original cataloging agency FISKH
Language of cataloging eng
Transcribing agency FISKH
Modifying agency FISKH
082 ## - DEWEY DECIMAL CLASSIFICATION NUMBER
Classification number 591.77
100 ## - MAIN ENTRY--PERSONAL NAME
Personal name Kenah, Katharine.
245 ## - TITLE STATEMENT
Title Creatures of the deep /
Statement of responsibility, etc. by Kenah, Katharine
250 ## - EDITION STATEMENT
Edition statement First Scholastic printing, December 2011.
260 ## - PUBLICATION, DISTRIBUTION, ETC.
Place of publication, distribution, etc. New York :
Name of publisher, distributor, etc. Scholastic,
Date of publication, distribution, etc. 2011.
300 ## - PHYSICAL DESCRIPTION
Extent 32 pages :
Other physical details color illustrations ;
Dimensions 23 cm
490 ## - SERIES STATEMENT
Series statement Extreme Readers
Volume/sequential designation 1
505 ## - FORMATTED CONTENTS NOTE
Formatted contents note F <br/>
520 ## - SUMMARY, ETC.
Summary, etc. Dare to read the extreme! The Creatures of the Deep Extreme Reader takes a look at the different depths of ocean water and the animals that exist there, including dolphins, whales, sharks, and more!
521 ## - TARGET AUDIENCE NOTE
Target audience note 450 <br/>
Source Lexile <br/>
521 ## - TARGET AUDIENCE NOTE
Target audience note F <br/>
Source Raz-Plus <br/>
650 ## - SUBJECT ADDED ENTRY--TOPICAL TERM
Source of heading or term Ocean
Topical term or geographic name entry element Animals sea
Form subdivision Non Fiction
942 ## - ADDED ENTRY ELEMENTS (KOHA)
Source of classification or shelving scheme Dewey Decimal Classification
Koha item type Books
Suppress in OPAC No
999 ## -
-- 609
-- 609
Holdings
Withdrawn status Lost status Source of classification or shelving scheme Damaged status Not for loan Collection Home library Current library Shelving location Date acquired Total Checkouts Full call number Barcode Date last seen Date last checked out Copy number Price effective from Koha item type
    Dewey Decimal Classification     Non-Fiction Footprints International School Library Network Toul Kork Campus Footprints International School Library Network Toul Kork Campus TK Primary Library Room(4th Floor), Bookcase 1&2, Shelves 1-16, Dark Blue Books 06/26/2023 4 KEN 591.77 2023-0111 02/04/2026 01/28/2026 1 06/26/2023 Books
    Dewey Decimal Classification     Non-Fiction Footprints International School Library Network Toul Kork Campus Footprints International School Library Network Toul Kork Campus TK Primary Library Room(4th Floor), Bookcase 1&2, Shelves 1-16, Dark Blue Books 04/22/2025   KEN 591.77 PZ7 FISTK00754 04/22/2025   2 04/22/2025 Books
    Dewey Decimal Classification     Non-Fiction Footprints International School Library Network Toul Tom Poung Campus Footprints International School Library Network Toul Tom Poung Campus TTP Primary Dark Blue Bookshelves 08/26/2025   KEN 591.77 PZ7 FISBK02616 08/26/2025   3 08/26/2025 Books